000 00557nam a2200169Ia 4500
008 090711s9999 xx 000 0 und d
082 _b36068
100 _aप्रभुदेसाई वि. बा.
245 _aवनवाळयांSाा मळा
260 _c1974
300 _a118
600 _aप्रभुदेसाई वि. बा.
630 _aवनवाळयांSाा मळा
700 _aप्रभुदेसाई वि. बा.
730 _aवनवाळयांSाा मळा
942 _cBOOK
999 _c311956
_d311956